000 00928nam a2200241 a 4500
001 71566
003 BD-RjUL
005 20211209082130.0
008 170504s1976 ii ||||| ||| 00| 0 ben d
035 _a(BD-RjUL)71782
040 _aBD-RjUL
_bben
_cBD-RjUL
041 _aben
082 _223
_a891.4417109
_bDAG 1976
100 _aদাস, রমেন
_9211757
245 1 0 _aঘরে বাইরে নজরুল /
_cরমেন দাস
260 _aকলিকাতা :
_bসাহিত্য সংস্থা,
_c১৯৭৬
300 _a১৬৪ পৃ. ;
_c১৮ সেমি.
600 _aইসলাম, কাজী নজরুল
_d১৮৯৯-১৯৭৬
_9213690
600 _a Kazi, Nazrul Islam
_d1899-1976.
_9213691
650 _aবাংলা কবিতা
_xইতিহাস ও সমালোচনা
_9211760
650 _aPoets, Bengali
_9211761
_zBangladesh
942 _2ddc
_cBK
999 _c71566
_d71566